| 000 | 00378pab a2200145 454500 | ||
|---|---|---|---|
| 008 | 180718b1985 xxu||||| |||| 00| 0 eng d | ||
| 100 | _aSigelman, Lee and others | ||
| 245 |
_aVoting and nonvoting _bA multielection perspective |
||
| 260 | _c1985 | ||
| 300 | _a749-65 | ||
| 362 | _aNov. | ||
| 650 | _aVoting | ||
| 773 | _aAmerican Journal of Political Science | ||
| 909 | _a20318 | ||
| 999 |
_c20318 _d20318 |
||